[Event "Berlin op 03"]
[Site "Berlin"]
[Date "2005.03.28"]
[Round "3"]
[White "Deak, Vladimir"]
[Black "Sondermann, Johannes"]
[Result "0-1"]
[WhiteElo "1751"]
[BlackElo "2072"]
[PlyCount "58"]
[EventDate "2005.03.25"]
[EventType "swiss"]
[EventRounds "9"]
[EventCountry "GER"]
[SourceTitle "EXT 2007"]
[Source "ChessBase"]
[SourceDate "2006.11.23"]
[SourceVersion "1"]
[SourceVersionDate "2006.11.23"]
[SourceQuality "1"]

1. e4 c5 2. Nf3 Nc6 3. Nc3 d6 4. h3 g6 5. Be2 Bg7 6. 0-0 e6 7. d3 Nge7 8. Nh2 Nd4 9. f4 f5 10. Bf3 Rb8 11. Ne2 Nxf3+ 12. Nxf3 b5 13. c3 b4 14. e5 bxc3 15. bxc3 0-0 16. d4 Ba6 17. Rf2 Nd5 18. Qc2 Qa5 19. Bd2 Rfc8 20. c4 Nb4 21. Qd1 Qd8 22. Bxb4 Rxb4 23. Ng5 Bxc4 24. Qd2 dxe5 25. a3 Rb6 26. Qa5 Rb1+ 27. Rxb1 Qxa5 28. dxe5 Qxa3 29. Ng3 Qxg3 0-1